| 000 | 00866nam a2200229 a 4500 | ||
|---|---|---|---|
| 001 | 79051 | ||
| 003 | BD-RjUL | ||
| 005 | 20211222122351.0 | ||
| 008 | 211222s2020 bg ||||| |||| 00| 0 ben d | ||
| 020 |
_a9789840424856 _c: Tk. 2600.00 |
||
| 035 | _a(BD-RjUL)79051 | ||
| 040 |
_aBD-RjUL _beng _cBD-RjUL |
||
| 041 | _aben | ||
| 082 |
_223 _a954.9205092 _bHAS 2020 |
||
| 100 |
_aহাননান, মোহাম্মদ _9324 |
||
| 245 |
_aশতাব্দীর বঙ্গবন্ধু / _cমোহাম্মদ হাননান |
||
| 260 |
_aঢাকা: _bআগামী প্রকাশনী, _c২০২০ |
||
| 300 |
_a৮৯১ পৃ.; _c২৪ সেমি. |
||
| 600 |
_aমুজিবুর রহমান, _cশেখ, _d১৯২০-১৯৭৫ _9166 |
||
| 600 |
_aMujibur Rahman, _cSheikh, _d1920-1975 _9167 |
||
| 942 |
_2ddc _cBK |
||
| 999 |
_c79051 _d79051 |
||